Spain Euro 2020 Squad - Statistics

General Stats
  • This quiz has been taken 1,659 times
  • The average score is 15 of 25
Answer Stats
# Position Player % Correct
1 GK David de Gea
90%
7 FW Álvaro Morata
86%
5 MF © Sergio Busquets
84%
26 MF Pedri
83%
18 DF Jordi Alba
79%
23 GK Unai Simón
78%
11 MF Ferran Torres
75%
4 DF Pau Torres
74%
24 DF Aymeric Laporte
66%
Manager Luis Enrique
64%
16 MF Rodri
62%
8 MF Koke
61%
2 DF César Azpilicueta
54%
19 FW Dani Olmo
53%
9 FW Gerard Moreno
52%
21 FW Mikel Oyarzabal
51%
6 MF Marcos Llorente
49%
3 DF Diego Llorente
48%
12 DF Eric García
48%
10 MF Thiago Alcântara
48%
13 GK Robert Sánchez
42%
14 DF José Gayà
34%
22 MF Pablo Sarabia
33%
20 MF Adama Traoré
28%
17 MF Fabián
23%
No matching quizzes found
Score Distribution
Percent of People with Each Score
Percentile by Number Answered
Your Score History
You have not taken this quiz